south -east asia - Statistics

General Stats
  • This quiz has been taken 28 times
  • The average score is 9 of 10
Answer Stats
Picture Answer % Correct
malaysia
100%
Indonesia
96%
myanmar
96%
singapore
96%
thailland
96%
vietnam
96%
cambodia
92%
laos
92%
brunei
81%
East Timor/ timor leste
69%
No matching quizzes found
Score Distribution
Percent of People with Each Score
Percentile by Number Answered
Your Score History
You have not taken this quiz